| 000 | 01216nam0a22003491 4500 | ||
|---|---|---|---|
| 001 | v19\rc\1295723 | ||
| 005 | 20060306185810.2 | ||
| 035 | _a(NLR Aleph) 004449562 | ||
| 090 |
_a4466688 _c4466688 |
||
| 100 | _a20060306d1862 |||y0rusy50 ca | ||
| 101 | 1 |
_arus _cger |
|
| 102 | _aRU | ||
| 105 | _ay z |||c| | ||
| 200 | 1 |
_aОчерки русской литературы _eПер. соч. Кенига: "Literarische Bilder aus Russland" |
|
| 210 |
_aСанкт-Петербург _cтип. Я. Трея _d1862 |
||
| 215 |
_aX, 258 с. _d20 |
||
| 454 | 0 |
_12001#$aLiterarische Bilder aus Russland _1700#1$aКениг$bГ.Й.$f1790-1869$gГенрих Йозеф |
|
| 604 |
_150010$aLiterarische Bilder aus Russland _1700#1$aКениг |
||
| 700 | 1 |
_6z01790 _aКениг _bГ. Й. _gГенрих Йозеф |
|
| 790 | 1 |
_6z01700 _aКениг _bГ. И. _f1790-1869 _gГенрих Иосиф |
|
| 801 | 0 |
_aRU _bNLR _gpsbo |
|
| 801 | 0 |
_aRU _bRuMoRGB _2psbo |
|
| 801 | 1 |
_aRU _bProSoft-M _2rusmarc |
|
| 852 |
_aNLR _j18.50.6.30 |
||
| 852 |
_aNLR _j130/5765 |
||
| 899 |
_aRuMoRGB _jT 66/232 |
||
| 899 |
_aRuMoRGB _jA 125/145 |
||
| 899 | _aБАН | ||
| 899 | _aНБ СПбГУ | ||
| 899 | _aГПИБ | ||
| 942 | _cBOOK | ||
| 980 | _aNB | ||